000 00506nam a2200181Ia 4500
005 20250326123550.0
008 250326s9999 xx 000 0 und d
037 _aTextbook
040 _aFMSL
_beng
_cFMSL
041 _aeng
_2eng
084 _aB2893P K3
_qFMSL
100 _aGlicksman A M
_9516530
245 0 _aLinear programming and the theory of games
_cGlicksman A M
260 _aNY
_bNY, John Wiley
_c1963
300 _a131p
942 _cTB
_hB2893P K3
999 _c1269947
_d1269947